|
|
|
|
| LEADER |
00000nab a2200000 a 4500 |
| 001 |
vtls000478884 |
| 003 |
SK-MaSNL |
| 005 |
20260303134500.0 |
| 008 |
230217c1992 xo 0 cze |
| 015 |
|
|
|a SNBRB19rr/mm-uuuuu
|
| 035 |
|
|
|a CL0479019
|
| 035 |
|
|
|a urn:nbn:sk:snk-abbnai
|
| 035 |
|
|
|a (urnnbn)urn:nbn:sk:snk:ar-001l6v
|
| 035 |
|
|
|a (uuid)58564558-e2e3-4db2-8528-a6b50878f697
|
| 040 |
|
|
|a SNKBUCL
|b slo
|c SNKBUCL
|e AACR2
|
| 041 |
0 |
|
|a cze
|
| 044 |
|
|
|a xo
|c SK
|
| 080 |
|
|
|a 669.15.018.29:539.388.1:539.219.2
|2 1981
|
| 080 |
|
|
|a 539.388.1
|2 1981
|
| 080 |
|
|
|a 539.219.2
|2 1981
|
| 100 |
1 |
|
|a Kučera, Josef
|4 aut
|9 6233
|
| 245 |
1 |
0 |
|a K otázce vypočítané hloubky únavové trhliny po iniciaci z ostrého vrubu
|c Josef Kučera
|
| 300 |
|
|
|b Grafy 7, sch. 4, tab. 1, res. angl., čes., lit. 18 zázn. v angl., češ.
|
| 650 |
0 |
7 |
|a ocele konštrukčné zvariteľné
|2 snkbucl
|9 934088
|
| 650 |
0 |
7 |
|a trhliny kovov únavové
|2 snkbucl
|9 951180
|
| 655 |
|
7 |
|a články z novín a časopisov
|2 snkbucl
|9 267496
|
| 773 |
0 |
|
|t Kovové materiály
|g Roč. 30, č. 1 (1992), s. 54-69
|x 0023-432X
|
| 850 |
|
|
|a Slovenská národná knižnica v Martine
|a MTA001
|
| 852 |
|
|
|a SNK
|b KIS3GCP
|
| 954 |
|
|
|a odborná, vedecká literatúra cudzojazyčná (svetová)
|2 lita
|
| 958 |
|
|
|a OND
|
| 958 |
|
|
|a NB
|
| 958 |
|
|
|a RK
|
| 958 |
|
|
|a CZ
|
| 958 |
|
|
|a EUIPO
|
| 958 |
|
|
|a article15
|
| 992 |
|
|
|a RBX
|
| 999 |
|
|
|c 1960821
|d 1962751
|